[Event "NOR-chB"]
[Site "Oslo"]
[Date "2023.07.03"]
[Round "3"]
[White "Skotheim, Andreas"]
[Black "Martinsen, Stig K"]
[Result "1/2-1/2"]
[WhiteElo "2241"]
[BlackElo "2172"]
[PlyCount "34"]
[EventDate "2023.06.30"]
[EventType "swiss"]
[EventRounds "9"]
[EventCountry "NOR"]
[SourceTitle "EXT 2024"]
[Source "ChessBase"]
[SourceDate "2023.10.10"]
[SourceVersion "1"]
[SourceVersionDate "2023.10.10"]
[SourceQuality "1"]

1. e4 c5 2. Nf3 Nc6 3. Bb5 Nf6 4. Bxc6 dxc6 5. d3 g6 6. h3 Bg7 7. Nc3 0-0 8. Be3 b6 9. Qd2 e5 10. 0-0 Ne8 11. Nh2 Nc7 12. f4 exf4 13. Bxf4 c4 14. Bg5 Qd6 15. Bf4 Qd8 16. Bg5 Qd6 17. Bf4 Qd8 1/2-1/2

[Event "Fagernes op"]
[Site "Fagernes"]
[Date "2022.04.17"]
[Round "9"]
[White "Martinsen, Stig K"]
[Black "Sorensen, Simen"]
[Result "1/2-1/2"]
[WhiteElo "2155"]
[BlackElo "2070"]
[PlyCount "23"]
[EventDate "2022.04.10"]
[EventType "swiss"]
[EventRounds "9"]
[EventCountry "NOR"]
[SourceTitle "CBM 207 Extra"]
[Source "ChessBase"]
[SourceDate "2022.05.31"]
[SourceVersion "1"]
[SourceVersionDate "2022.05.31"]
[SourceQuality "1"]

1. Nf3 Nf6 2. c4 e6 3. g3 d5 4. b3 Be7 5. Bg2 0-0 6. 0-0 c5 7. e3 b6 8. Bb2 Bb7 9. Qe2 Nc6 10. d4 dxc4 11. bxc4 cxd4 12. exd4 1/2-1/2

[Event "Fagernes op"]
[Site "Fagernes"]
[Date "2022.04.14"]
[Round "6"]
[White "Bentsen, Hakon"]
[Black "Martinsen, Stig K"]
[Result "0-1"]
[WhiteElo "2078"]
[BlackElo "2155"]
[PlyCount "86"]
[EventDate "2022.04.10"]
[EventType "swiss"]
[EventRounds "9"]
[EventCountry "NOR"]
[SourceTitle "CBM 207 Extra"]
[Source "ChessBase"]
[SourceDate "2022.05.31"]
[SourceVersion "1"]
[SourceVersionDate "2022.05.31"]
[SourceQuality "1"]

1. d4 g6 2. e4 Bg7 3. f4 d6 4. Nf3 c5 5. Bb5+ Nc6 6. c3 cxd4 7. Nxd4 Bd7 8. Be3 Nf6 9. Nd2 0-0 10. Qe2 Qc7 11. f5 Nxd4 12. Bxd4 gxf5 13. Bxd7 Qxd7 14. 0-0 e5 15. Bf2 Nxe4 16. Nxe4 fxe4 17. Qxe4 d5 18. Rad1 Rad8 19. Qb4 b6 20. Rd3 Qe6 21. Bh4 Rd7 22. Rdf3 f5 23. Rh3 d4 24. cxd4 Rxd4 25. Qa3 Rf7 26. Bf2 Rd5 27. Qb3 Rd6 28. Qa4 h6 29. Re1 Qd7 30. Qb3 Kh7 31. a4 Qe6 32. Qa3 Rfd7 33. a5 bxa5 34. Qxa5 Rd2 35. b3 a6 36. Rc3 e4 37. Rc4 R2d3 38. g4 e3 39. Bg3 fxg4 40. Qa4 Bd4 41. Re2 Rd2 42. Rc6 Qd5 43. Qxa6 Rd1+ 0-1

[Event "Straume Bronstein Cup"]
[Site "Straume"]
[Date "2020.10.25"]
[Round "4"]
[White "Larsen, Kasper1"]
[Black "Martinsen, Stig K"]
[Result "0-1"]
[WhiteElo "1243"]
[BlackElo "2179"]
[PlyCount "98"]
[EventDate "2020.10.25"]
[EventType "swiss (rapid)"]
[EventRounds "6"]
[EventCountry "NOR"]
[SourceTitle "EXT 2024"]
[Source "ChessBase"]
[SourceDate "2023.10.10"]
[SourceVersion "1"]
[SourceVersionDate "2023.10.10"]
[SourceQuality "1"]

1. d4 d6 2. c4 f5 3. Nc3 Nf6 4. Bg5 Nbd7 5. g3 g6 6. Bg2 Bg7 7. e3 0-0 8. Nge2 e5 9. dxe5 dxe5 10. e4 h6 11. Bxf6 Nxf6 12. 0-0 c6 13. Qxd8 Rxd8 14. Rad1 Be6 15. b3 Bf8 16. Bh3 Kf7 17. exf5 gxf5 18. f4 Bc5+ 19. Kh1 e4 20. Na4 Be3 21. b4 Bxc4 22. Nac3 Be6 23. b5 c5 24. a4 Rd3 25. Rb1 Rad8 26. Kg2 Bd2 27. Nd1 Ra3 28. Rb2 Rxa4 29. Ndc3 Rb4 30. Rc2 Bb3 31. Rb2 Bc4 32. Rc2 Bxc3 33. Nxc3 Bxf1+ 34. Kxf1 Ke6 35. Ke2 Rd3 36. Nxe4 Nxe4 37. Kxd3 Rxb5 38. Bg2 Nd6 39. Re2+ Kd7 40. Kc3 a5 41. Rd2 a4 42. Ra2 Rb4 43. Bd5 Rd4 44. Bg8 b5 45. Re2 b4+ 46. Kb2 c4 47. Be6+ Kc6 48. Rc2 c3+ 49. Kc1 Re4 0-1

[Event "Straume Bronstein Cup A"]
[Site "Straume"]
[Date "2019.10.27"]
[Round "1"]
[White "Lie, Terje"]
[Black "Martinsen, Stig K"]
[Result "0-1"]
[WhiteElo "1578"]
[BlackElo "2192"]
[PlyCount "128"]
[EventDate "2019.10.27"]
[EventType "swiss (rapid)"]
[EventRounds "6"]
[EventCountry "NOR"]
[SourceTitle "EXT 2024"]
[Source "ChessBase"]
[SourceDate "2023.10.10"]
[SourceVersion "1"]
[SourceVersionDate "2023.10.10"]
[SourceQuality "1"]

1. d4 d6 2. c4 Nf6 3. Nc3 g6 4. Nf3 Bg7 5. Bf4 0-0 6. Qd2 Nc6 7. Bh6 e5 8. Bxg7 Kxg7 9. dxe5 dxe5 10. e3 Bf5 11. Be2 Nb4 12. Rc1 Qe7 13. Nd5 Nfxd5 14. cxd5 Nxa2 15. Rd1 Rfd8 16. 0-0 Nb4 17. Bc4 Be4 18. d6 Qxd6 19. Qxd6 cxd6 20. Nd2 Bc6 21. e4 Nc2 22. Nb1 Bxe4 23. Bd5 Bxd5 24. Rxd5 Nd4 25. Nc3 f5 26. Rd1 Rac8 27. h3 Rc5 28. g4 Rxd5 29. Nxd5 Rc8 30. gxf5 gxf5 31. Kg2 Kf7 32. b4 Ke6 33. Ne3 f4 34. Ng4 h5 35. Nh2 Rc4 36. Rb1 a6 37. Rb2 Rc3 38. Nf1 Rb3 39. Rxb3 Nxb3 40. f3 d5 41. Kf2 Kd6 42. Ke2 Nd4+ 43. Kf2 Nc2 44. b5 a5 45. Nd2 b6 46. Nb3 Nd4 47. Nc1 Nxb5 48. Nd3 a4 49. Nb4 a3 50. Na2 d4 51. Ke1 Nc3 52. Nc1 a2 53. Nb3 Kd5 54. Kd2 Kc4 55. Kc2 d3+ 56. Kb2 b5 57. Nd2+ Kd5 58. Nb3 b4 59. h4 e4 60. fxe4+ Kxe4 61. Nc5+ Ke3 62. Nb3 d2 63. Nc1 dxc1Q+ 64. Kxc1 a1Q+ 0-1

[Event "NOR-ch Master"]
[Site "Larvik"]
[Date "2019.07.13"]
[Round "9"]
[White "Martinsen, Stig K"]
[Black "Aulin Jansson, Joran"]
[Result "0-1"]
[WhiteElo "2177"]
[BlackElo "2223"]
[PlyCount "80"]
[EventDate "2019.07.05"]
[EventType "swiss"]
[EventRounds "9"]
[EventCountry "NOR"]
[SourceTitle "EXT 2024"]
[Source "ChessBase"]
[SourceDate "2023.10.10"]
[SourceVersion "1"]
[SourceVersionDate "2023.10.10"]
[SourceQuality "1"]

1. c4 e5 2. Nc3 Nc6 3. Nf3 g6 4. e3 Bg7 5. d4 d6 6. Be2 Nh6 7. d5 Ne7 8. Rb1 a5 9. a3 f5 10. h4 0-0 11. h5 Nf7 12. hxg6 hxg6 13. e4 Bf6 14. Bd3 Kg7 15. Ke2 Rh8 16. Rxh8 Qxh8 17. Bd2 Qh5 18. Qh1 Qg4 19. Re1 Bd7 20. Kd1 Rh8 21. Qg1 Qh5 22. Be2 Qh7 23. Bd3 f4 24. Kc2 g5 25. Bc1 c6 26. Kb1 c5 27. Nd2 g4 28. Bc2 Ng6 29. Ba4 Bxa4 30. Nxa4 Qh2 31. Nc3 Ng5 32. Kc2 Kf7 33. Kb1 g3 34. fxg3 Qxg3 35. Qf1 Rh2 36. Re2 Nh4 37. Nb3 Qd3+ 38. Ka1 Rxg2 39. Nxa5 Nxe4 40. Nxe4 Qxe2 0-1

[Event "NOR-ch Master"]
[Site "Larvik"]
[Date "2019.07.07"]
[Round "3"]
[White "Schreiber, Kevin"]
[Black "Martinsen, Stig K"]
[Result "0-1"]
[WhiteElo "2030"]
[BlackElo "2177"]
[PlyCount "114"]
[EventDate "2019.07.05"]
[EventType "swiss"]
[EventRounds "9"]
[EventCountry "NOR"]
[SourceTitle "EXT 2024"]
[Source "ChessBase"]
[SourceDate "2023.10.10"]
[SourceVersion "1"]
[SourceVersionDate "2023.10.10"]
[SourceQuality "1"]

1. c4 e5 2. g3 d6 3. Bg2 Be7 4. Nc3 f5 5. d3 Nf6 6. e3 0-0 7. Nge2 a5 8. 0-0 Qe8 9. Nd5 Bd8 10. b3 c6 11. Nxf6+ Rxf6 12. Bb2 Rh6 13. Qd2 Qh5 14. f4 Qxh2+ 15. Kf2 Qh5 16. fxe5 dxe5 17. Bxe5 Qe8 18. Bd4 Nd7 19. Rh1 Rxh1 20. Rxh1 Bf6 21. Nf4 Qe7 22. Qc3 Ne5 23. Bxe5 Bxe5 24. d4 Bf6 25. c5 g6 26. Qc4+ Kg7 27. d5 cxd5 28. Nxd5 Qe5 29. Nb6 Be6 30. Bd5 Re8 31. Bxe6 Rxe6 32. Re1 Bg5 33. Nd5 h5 34. Nf4 Re7 35. Re2 h4 36. gxh4 Bxh4+ 37. Kf1 g5 38. Nd5 Rd7 39. Rd2 g4 40. Qd4 Bf6 41. Qxe5 Bxe5 42. a3 Kf7 43. Ke2 Ke6 44. Nb6 Rxd2+ 45. Kxd2 Bc7 46. Na4 Kd5 47. Kd3 g3 48. Ke2 f4 49. exf4 Bxf4 50. Kf3 Be5 51. Nb6+ Kxc5 52. Nc4 Bc7 53. Nd2 Kd4 54. a4 Kc3 55. Ke2 g2 56. Ne4+ Kd4 57. Nd2 Bh2 0-1

[Event "NOR-ch West A"]
[Site "Sandsli"]
[Date "2019.06.16"]
[Round "4"]
[White "Mansoor, Afras"]
[Black "Martinsen, Stig K"]
[Result "1/2-1/2"]
[WhiteElo "1958"]
[BlackElo "2181"]
[PlyCount "105"]
[EventDate "2019.06.14"]
[EventType "swiss"]
[EventRounds "5"]
[EventCountry "NOR"]
[SourceTitle "EXT 2024"]
[Source "ChessBase"]
[SourceDate "2023.10.10"]
[SourceVersion "1"]
[SourceVersionDate "2023.10.10"]
[SourceQuality "1"]

1. d4 d6 2. e4 Nf6 3. Nc3 g6 4. Be3 c6 5. f3 b5 6. g4 h5 7. g5 Nfd7 8. f4 b4 9. Nce2 Nb6 10. b3 d5 11. Bg2 dxe4 12. Qd2 Nd5 13. Bxe4 Be6 14. c4 bxc3 15. Nxc3 Bg7 16. Nge2 Qd7 17. 0-0 Na6 18. Rad1 Rd8 19. Nxd5 Bxd5 20. Bxd5 Qxd5 21. f5 gxf5 22. Nf4 Qe4 23. Rfe1 Qf3 24. Qa5 Qg4+ 25. Ng2 Nb8 26. Qxa7 0-0 27. Bf4 e5 28. h3 Qf3 29. Rf1 Qxh3 30. dxe5 Rxd1 31. Rxd1 h4 32. Qf2 Qg4 33. Rd3 h3 34. Rg3 Qd1+ 35. Ne1 Nd7 36. g6 fxg6 37. Rxg6 Kf7 38. Rg5 Rg8 39. Bg3 Ke8 40. Qa7 h2+ 41. Kh1 Qd5+ 42. Ng2 Qd1+ 43. Be1 Qf3 44. Bf2 Qd1+ 45. Be1 Qf3 46. Qf2 Nxe5 47. Rxf5 Qxf2 48. Bxf2 Rf8 49. Rxf8+ Bxf8 50. Kxh2 Nd3 51. Be3 Nb4 52. a4 Kd7 53. Kg3 1/2-1/2

[Event "NOR-chB"]
[Site "Stavanger"]
[Date "2017.07.06"]
[Round "7"]
[White "Martinsen, Stig K"]
[Black "Dahl, Trygve"]
[Result "1-0"]
[WhiteElo "2185"]
[BlackElo "2292"]
[PlyCount "63"]
[EventDate "2017.07.01"]
[EventType "swiss"]
[EventRounds "9"]
[EventCountry "NOR"]
[SourceTitle "CBM 179 Extra"]
[Source "ChessBase"]
[SourceDate "2017.08.23"]
[SourceVersion "1"]
[SourceVersionDate "2017.08.23"]
[SourceQuality "1"]

1. Nf3 e6 2. c4 f5 3. g3 Nf6 4. Bg2 Be7 5. 0-0 0-0 6. d4 d6 7. Nc3 Ne4 8. Nxe4 fxe4 9. Ne1 d5 10. Be3 Nc6 11. Rc1 Bf6 12. f3 dxc4 13. Rxc4 e5 14. d5 exf3 15. Nxf3 Ne7 16. Bc5 b5 17. Rc1 Bb7 18. e4 Kh8 19. Qd2 Qd7 20. Rfd1 Rfe8 21. Ng5 Ng8 22. Bh3 Bxg5 23. Bxd7 Bxd2 24. Rxd2 Red8 25. Bxb5 c6 26. dxc6 Rxd2 27. cxb7 Rb8 28. Bc6 Rxb2 29. Bd6 Rd8 30. Bxe5 Rb4 31. Bc7 Rf8 32. Bd6 1-0

[Event "NOR-chB"]
[Site "Stavanger"]
[Date "2017.07.05"]
[Round "6"]
[White "Martinsen, Stig K"]
[Black "Al Tarbosh, Ward"]
[Result "1/2-1/2"]
[WhiteElo "2185"]
[BlackElo "2258"]
[PlyCount "163"]
[EventDate "2017.07.01"]
[EventType "swiss"]
[EventRounds "9"]
[EventCountry "NOR"]
[SourceTitle "CBM 179 Extra"]
[Source "ChessBase"]
[SourceDate "2017.08.23"]
[SourceVersion "1"]
[SourceVersionDate "2017.08.23"]
[SourceQuality "1"]

1. d4 d5 2. c4 c6 3. Nf3 Nf6 4. e3 e6 5. b3 Nbd7 6. Bb2 Be7 7. Bd3 b6 8. 0-0 Bb7 9. Nc3 0-0 10. Qc2 Bd6 11. Rfe1 c5 12. cxd5 exd5 13. e4 cxd4 14. Nxd5 Rc8 15. Qd2 Nxd5 16. exd5 Bxd5 17. Nxd4 Qh4 18. g3 Qf6 19. Be4 Bxe4 20. Rxe4 Qg6 21. Re2 Ne5 22. Rd1 Rfd8 23. Kg2 Bb8 24. Qe3 h5 25. Qe4 Qxe4+ 26. Rxe4 g6 27. Re2 Kh7 28. Red2 Rd7 29. Nb5 Rxd2 30. Rxd2 a6 31. Nd6 Bxd6 32. Rxd6 Nc6 33. Kf3 Kg8 34. a3 Kf8 35. Bf6 Ke8 36. Ke4 b5 37. b4 a5 38. Bc3 axb4 39. axb4 Ne7 40. Bd2 Rc4+ 41. Rd4 Rc2 42. Kd3 Rc6 43. Bf4 Ra6 44. Rd6 Nc6 45. Kc3 Ke7 46. Rd5 Ra3+ 47. Kb2 Ra4 48. Rxb5 Rxb4+ 49. Rxb4 Nxb4 50. Be3 Ke6 51. Kc1 Kf5 52. f3 g5 53. Kd2 Nc6 54. Ke2 g4 55. Bb6 Ne5 56. fxg4+ Kxg4 57. Bc7 f6 58. Bd8 Nd7 59. Kf2 Kh3 60. Kf3 Kxh2 61. Kf4 Kg2 62. Be7 Nb6 63. Bd6 Nd5+ 64. Kf5 Kf3 65. Bb8 Nb6 66. Kxf6 Kg4 67. Ke6 Nc4 68. Kf6 Ne3 69. Kg6 Nf5 70. Bc7 Ne7+ 71. Kh6 Nd5 72. Be5 Ne3 73. Bb8 Nf1 74. Kg6 Nh2 75. Kh6 Nf3 76. Kg6 Nd4 77. Kh6 Nc6 78. Bc7 Ne7 79. Bb8 Nd5 80. Kg6 Ne7+ 81. Kh6 Nf5+ 82. Kg6 1/2-1/2

[Event "NOR-chB"]
[Site "Stavanger"]
[Date "2017.07.03"]
[Round "4"]
[White "Martinsen, Stig K"]
[Black "Hobber, Anders"]
[Result "1/2-1/2"]
[WhiteElo "2185"]
[BlackElo "2278"]
[PlyCount "41"]
[EventDate "2017.07.01"]
[EventType "swiss"]
[EventRounds "9"]
[EventCountry "NOR"]
[SourceTitle "CBM 179 Extra"]
[Source "ChessBase"]
[SourceDate "2017.08.23"]
[SourceVersion "1"]
[SourceVersionDate "2017.08.23"]
[SourceQuality "1"]

1. e4 e6 2. d4 d5 3. Nd2 c5 4. Ngf3 Nc6 5. exd5 exd5 6. Bb5 Bd6 7. dxc5 Bxc5 8. 0-0 Nge7 9. Nb3 Bd6 10. Bg5 0-0 11. Bh4 Bg4 12. Be2 Qc7 13. Bg3 Bxg3 14. hxg3 Rfd8 15. Nfd4 Bf5 16. Nxf5 Nxf5 17. Bd3 Nfe7 18. c3 Ne5 19. Re1 N7c6 20. Qc2 g6 21. Red1 1/2-1/2

[Event "NOR-chB"]
[Site "Stavanger"]
[Date "2017.07.01"]
[Round "1"]
[White "Kristiansen, Willy"]
[Black "Martinsen, Stig K"]
[Result "1/2-1/2"]
[WhiteElo "2041"]
[BlackElo "2185"]
[PlyCount "135"]
[EventDate "2017.07.01"]
[EventType "swiss"]
[EventRounds "9"]
[EventCountry "NOR"]
[SourceTitle "CBM 179 Extra"]
[Source "ChessBase"]
[SourceDate "2017.08.23"]
[SourceVersion "1"]
[SourceVersionDate "2017.08.23"]
[SourceQuality "1"]

1. d4 d6 2. Nf3 g6 3. g3 f5 4. Bg2 Nf6 5. 0-0 Bg7 6. b3 0-0 7. Bb2 c6 8. c4 Qc7 9. Qc2 Re8 10. Nbd2 e5 11. e4 c5 12. d5 Na6 13. a3 f4 14. Ne1 g5 15. Nd3 Qf7 16. b4 b6 17. b5 Nc7 18. a4 a5 19. f3 fxg3 20. hxg3 Nh5 21. g4 Nf6 22. Nf2 h5 23. Bh3 Nh7 24. gxh5 Bxh3 25. Nxh3 Qxh5 26. Kg2 Rf8 27. Nf2 Rf4 28. Rh1 Rh4 29. Rag1 Rf8 30. Qd1 Rf7 31. Nf1 Ne8 32. Ng3 Qg6 33. Nf5 Rxf5 34. exf5 Qxf5 35. Qd3 Qxd3 36. Nxd3 Rxc4 37. Ra1 Nhf6 38. Nf2 Nxd5 39. Kg3 Rb4 40. Bc1 Nf4 41. Bd2 Rb2 42. Bxa5 bxa5 43. Rab1 Rxb1 44. Rxb1 Nf6 45. Ne4 Nd7 46. Nxd6 Ne2+ 47. Kg4 Nc3 48. Rc1 Nxa4 49. Nc4 Kf7 50. Ra1 Nab6 51. Nxb6 Nxb6 52. Rxa5 Bf6 53. Kf5 Nc8 54. Ra6 Bd8 55. Kxe5 Nb6 56. f4 gxf4 57. Ra7+ Kg6 58. Kxf4 Kf6 59. Ke4 Ke6 60. Rh7 Be7 61. Rh6+ Bf6 62. Rg6 Nd5 63. Rh6 c4 64. Rxf6+ Kxf6 65. Kxd5 c3 66. b6 c2 67. b7 c1Q 68. b8Q 1/2-1/2

[Event "NOR-ch"]
[Site "Tromsoe"]
[Date "2016.07.10"]
[Round "2"]
[White "Gronn, Atle"]
[Black "Martinsen, Stig K"]
[Result "1-0"]
[WhiteElo "2327"]
[BlackElo "2206"]
[PlyCount "63"]
[EventDate "2016.07.09"]
[EventType "swiss"]
[EventRounds "9"]
[EventCountry "NOR"]
[SourceTitle "CBM 173 Extra"]
[Source "ChessBase"]
[SourceDate "2016.08.29"]
[SourceVersion "1"]
[SourceVersionDate "2016.08.29"]
[SourceQuality "1"]

1. Nf3 d6 2. d4 g6 3. g3 f5 4. Bg2 Nf6 5. c3 Bg7 6. 0-0 0-0 7. Nbd2 Nc6 8. Qb3+ e6 9. Ne1 Kh8 10. Nd3 Qe7 11. e4 e5 12. Re1 fxe4 13. Nxe4 Nxe4 14. Bxe4 Qf6 15. dxe5 Nxe5 16. f4 Ng4 17. Bd2 Rb8 18. Bf3 Bd7 19. Re2 Qf7 20. Kg2 Nf6 21. Rae1 Qxb3 22. axb3 c6 23. Be3 a6 24. Bb6 Rbc8 25. Re7 Rfe8 26. Bd4 Bf5 27. Bxf6 Rxe7 28. Bxe7 Bxd3 29. Bxd6 Bf6 30. Bg4 Rg8 31. Re6 Kg7 32. Be7 1-0

[Event "Karlsruhe Grenke op"]
[Site "Karlsruhe"]
[Date "2016.03.24"]
[Round "1"]
[White "Li, Chao B"]
[Black "Martinsen, Stig K"]
[Result "1-0"]
[WhiteElo "2757"]
[BlackElo "2178"]
[PlyCount "57"]
[EventDate "2016.03.24"]
[EventType "swiss"]
[EventRounds "9"]
[EventCountry "GER"]
[SourceTitle "CBM 171 Extra"]
[Source "ChessBase"]
[SourceDate "2016.04.26"]
[SourceVersion "1"]
[SourceVersionDate "2016.04.26"]
[SourceQuality "1"]

1. d4 d6 2. Nf3 g6 3. e4 Nf6 4. Nc3 Bg7 5. h3 a6 6. a4 b6 7. Bc4 Bb7 8. 0-0 e6 9. Qe2 0-0 10. e5 Nfd7 11. Bg5 Qe8 12. exd6 cxd6 13. d5 Bxc3 14. dxe6 fxe6 15. Qxe6+ Qxe6 16. Bxe6+ Kg7 17. bxc3 Bxf3 18. gxf3 Nc5 19. Bd5 Ra7 20. c4 Rf5 21. Bd8 Nbd7 22. Rfe1 Nf6 23. Bxb6 Rd7 24. Bc6 Rf7 25. Rad1 Rf4 26. Rxd6 Rxc4 27. Re2 Kh6 28. a5 Rc3 29. Re5 1-0

[Event "NOR-chT 1516"]
[Site "Norway"]
[Date "2016.03.05"]
[Round "8.3"]
[White "Martinsen, Stig K"]
[Black "Kvisvik, Brede Alexander"]
[Result "1/2-1/2"]
[WhiteElo "2201"]
[BlackElo "2318"]
[PlyCount "117"]
[EventDate "2015.10.30"]
[EventType "team-tourn"]
[EventRounds "9"]
[EventCountry "NOR"]
[SourceTitle "EXT 2017"]
[Source "ChessBase"]
[SourceDate "2016.10.25"]
[SourceVersion "1"]
[SourceVersionDate "2016.10.25"]
[SourceQuality "1"]
[WhiteTeam "Bergens"]
[BlackTeam "Valerenga"]
[WhiteTeamCountry "NOR"]
[BlackTeamCountry "NOR"]

1. Nf3 f5 2. d4 Nf6 3. g3 g6 4. Bg2 Bg7 5. b3 0-0 6. 0-0 d6 7. Bb2 Qe8 8. c4 Nbd7 9. Nc3 c6 10. Ba3 h6 11. Qc2 a6 12. e4 Nxe4 13. Nxe4 fxe4 14. Qxe4 Nf6 15. Qe3 Qf7 16. Rfe1 Re8 17. Bb2 Bd7 18. a4 Rab8 19. a5 Rbd8 20. h3 Bc8 21. Re2 Nd7 22. Rae1 Nf8 23. Nd2 g5 24. Bc3 Ng6 25. Nf3 Bf5 26. Rd2 Rf8 27. d5 c5 28. b4 Nf4 29. Bxg7 Nxg2 30. Kxg2 Kxg7 31. g4 Bg6 32. bxc5 dxc5 33. Qxe7 Rd7 34. Qxf7+ Rdxf7 35. Ne5 Rf4 36. Nxg6 Kxg6 37. Re6+ Kg7 38. Re7+ R8f7 39. Rxf7+ Kxf7 40. Rb2 Rxc4 41. Rxb7+ Kf6 42. Rb6+ Ke5 43. Rxa6 Ra4 44. d6 Ke6 45. d7+ Kxd7 46. Rxh6 Rxa5 47. Kf3 c4 48. Ke4 Rc5 49. Ra6 c3 50. Ra1 c2 51. Rc1 Rc3 52. Kd4 Rxh3 53. Rxc2 Rf3 54. Rc5 Rf4+ 55. Ke3 Rxg4 56. Ke2 Kd6 57. Ra5 Re4+ 58. Kf3 Re5 59. Ra6+ 1/2-1/2

[Event "Bergen Spring"]
[Site "Bergen"]
[Date "2016.02.02"]
[Round "2"]
[White "Martinsen, Stig K"]
[Black "Rasmussen, Jonas H"]
[Result "1/2-1/2"]
[WhiteElo "2167"]
[BlackElo "1722"]
[PlyCount "68"]
[EventDate "2016.01.19"]
[EventType "tourn"]
[EventRounds "7"]
[EventCountry "NOR"]
[SourceTitle "EXT 2024"]
[Source "ChessBase"]
[SourceDate "2023.10.10"]
[SourceVersion "1"]
[SourceVersionDate "2023.10.10"]
[SourceQuality "1"]

1. d4 Nf6 2. c4 c5 3. d5 b5 4. cxb5 a6 5. e3 g6 6. Nc3 Bg7 7. Nf3 d6 8. a4 0-0 9. e4 axb5 10. Bxb5 Ba6 11. Qe2 Bxb5 12. Nxb5 Na6 13. Bd2 Nc7 14. 0-0 Nxb5 15. axb5 h6 16. Bc3 Qb6 17. Ra6 Rxa6 18. bxa6 Ra8 19. Ra1 Nd7 20. Bxg7 Kxg7 21. e5 Nb8 22. e6 Rxa6 23. Rc1 f6 24. Nh4 Ra4 25. Nxg6 Qa7 26. Qc2 Rg4 27. Nf8 Kxf8 28. Qh7 Rg7 29. Qh8+ Rg8 30. Qh7 Rg7 31. Qh8+ Rg8 32. Qh7 Rg7 33. Qh8+ Rg8 34. Qh7 Rg7 1/2-1/2